| 000 | 00542nam a2200193Ia 4500 | ||
|---|---|---|---|
| 003 | GCL | ||
| 008 | 140319s9999 xx 000 0 ara d | ||
| 040 |
_aGCL / _cGCL |
||
| 082 | 0 | 4 |
_a189.3 _bم ف |
| 100 | 1 | _aمحمد مهدى علام | |
| 245 | 1 | 0 |
_aفلسفة الكذب / _cمحمد مهدى علام |
| 260 |
_a[S.N] : _bمكتبة التراث الاسلامى ، _c1987 |
||
| 300 | _a131 ص | ||
| 490 | _a | ||
| 650 | 0 | 4 | _aالفلسفة الاسلامية |
| 650 | 0 | 4 | _aالاسلام |
| 650 | 0 | 4 | _aالكذب |
| 942 |
_2ddc _cBK |
||
| 999 |
_c53743 _d53743 |
||